02337nam a2200157 a 4500008004100000020001800041041000800059100002000067245005900087250001100146260004400157300001100201500010100212505185100313655001502164171103e2007 ag ||||g |||| 00| 0bspa d a9788467451238 aspa1 aRafart, Susanna aRousseau. bVida, pensamiento y obra /cSusanna Rafart a1a ed. aBarcelona:bPlaneta De Agostini;c2007. a381 p. aRafart, S. (2007). Rousseau. Vida, pensamiento y obra. (1a ed.). España : Planeta De Agostini. aEntre la ilustración y el romanticismo, Jean-Jacques Rousseau participó activamente en el siglo que cambió el rumbo de la cultura occidental. Nacido en Ginebra en 1712, en el seno de una familia protestante de ciudadanos burgueses, su vida y su carácter estuvieron siempre íntimamente ligados a su obra. La música, el individuo, la tolerancia, la oposición entre ciencia y religión o entre sentimiento y razón, los derechos naturales, en definitiva todos los grandes temas y conflictos del Siglo de las Luces, que desembocaron en el estallido de la Revolución francesa en 1789, formaron parte de las inquietudes vitales e intelectuales de este pensador. Su trabajo junto a los enciclopedistas D'Alembert y Diderot, sus polémicas con Voltaire, sus difíciles relaciones con distintas amantes o su tendencia al aislamiento en su entorno natural, le permitieron concebir una obra cuya influencia en los acontecimientos de los siglos XVIII y XIX es clara y reconocida. Su objetivo -la comprensión racional del ser humano-, tan actual hoy día, se plasmó en una obra de la que presentamos aquí, en primer lugar, Las Confesiones, un libro que permite conocer los rasgos más íntimos de Rosseau, y del que se han escogido los capítulos en los que es más potente la relación entre la verdad y biografía; y, en segundo lugar, El contrato social, síntesis del pensamiento político y social del autor e inspirador de la Declaración de los Derechos del hombre y del ciudadano, del que se han escogido los fragmentos en los que se aprecian los principios básicos de la teoría política del pensador. El lector,ademas, encontrará en las secciones Vida y Pensamiento y obra, desarrolladas por Susanna Rafat, una elaborada síntesis de la visión y el pensamiento de Rosseau y el siglo XVIII en Occidente.  aLiteratura